Central Library OPAC University of Rajshahi

Studies on productivity, soil fertility and N-Use efficiency in Rice-Wheat-Mungbean Systems using tillage options, straw Management and Nitrogen Leaves / (Record no. 80449)

MARC details
000 -LEADER
fixed length control field 01185nam a22002657a 4500
001 - CONTROL NUMBER
RUCL Control Number 80449
003 - CONTROL NUMBER IDENTIFIER
rucl marc code BD-RjUL
005 - DATE AND TIME OF LATEST TRANSACTION
control field 20230604103817.0
008 - FIXED-LENGTH DATA ELEMENTS--GENERAL INFORMATION
fixed length control field 220927s2007 bg a|||| m||| 00| 0 eng d
035 ## - SYSTEM CONTROL NUMBER
system control number (BD-RjUL)80449
040 ## - CATALOGING SOURCE
Original cataloging agency BD-RjUL
Language of cataloging eng
Transcribing agency BD-RjUL
Modifying agency BD-RjUL
041 ## - LANGUAGE CODE
Language code of Book eng
082 ## - DEWEY DECIMAL CLASSIFICATION NUMBER
DDC Edition number 23
Classification number 631.51
Author mark and Year HOS 2007
100 ## - MAIN ENTRY--PERSONAL NAME
Personal name Hossain, Md. Ilias
9 (RLIN) 5038
245 10 - TITLE STATEMENT
Title Studies on productivity, soil fertility and N-Use efficiency in Rice-Wheat-Mungbean Systems using tillage options, straw Management and Nitrogen Leaves /
Statement of responsibility, etc By Md. Ilias Hossain ;
Name of Supervisor/Co-Supervisor Supervisor : Golam Kabir, Co-Supervisor : Craig A. Meisner & Co-Supervisor : M. Firoz Alam
260 ## - PUBLICATION, DISTRIBUTION, ETC. (IMPRINT)
Place of publication, distribution, etc Rajshahi :
Name of publisher, distributor, etc Department of Agronomy and Agricultural Extension, University of Rajshahi,
Date of publication, distribution, etc 2007
300 ## - PHYSICAL DESCRIPTION
Pagination xxv, 321 leaves :
Other physical details ill, ;
Dimensions 29.cm.
502 ## - DISSERTATION NOTE
Dissertation note Thesis (Ph. D.) -- Department of Agronomy and Agricultural Extension, University of Rajshahi, 2007
504 ## - BIBLIOGRAPHY, ETC. NOTE
Bibliography, etc References : Leaves 293 - 317
650 ## - SUBJECT ADDED ENTRY--TOPICAL TERM
Topical term or geographic name as entry element Soil working (Tillage)
9 (RLIN) 5039
700 ## - ADDED ENTRY--SUPERVISOR/CO-SUPERVISOR NAME
Personal name Kabir, Golam, Supervisor
9 (RLIN) 3775
Personal name Meisner, Craig A. Co-Supervisor
9 (RLIN) 5040
Personal name Alam, M. Firoz Co-Supervisor
9 (RLIN) 5041
942 ## - ADDED ENTRY ELEMENTS (KOHA)
Source of classification or shelving scheme Dewey Decimal Classification
Koha item type Theses
Holdings
Source of classification or shelving scheme Damaged status Not for loan Collection code Permanent Location Current Location Shelving location Date of accession Source of acquisition Total Checkouts Full call number Barcode Date last seen Copy number Thesis
Dewey Decimal Classification   Not For Loan Theses Central Library, University of Rajshahi Central Library, University of Rajshahi Documentation Section 24/04/2008 Controller of Exam. R.U.   THE 631.51 HOS 2007 D2879 27/09/2022 C1 Theses